000 005450000a22001930004500
003 LK-CoMWRAF
008 230817t1999 ||||| |||| 00| 0 eng d
020 _a0850925940
040 _aLK-CoMWRAF
_dLK-CoMWRAF
_eLK-CoMWRAF
041 _aeng
082 _a340
_bGEN
100 _aBeck,Tony
245 _aUsing Gender-Sensitive Indicators
_bA Reference Manual for Governments and Other Stakeholders
260 _aUK
_bCommonwealth Secretariat
_c1999
300 _ap.64
490 _aGender Management System
650 _aGender Issues
942 _cBK
999 _c33
_d33